<?xml version="1.0" encoding="UTF-8"?>
<collection xmlns="http://www.loc.gov/MARC21/slim">
 <record>
  <leader>00705nam a2200169   4500</leader>
  <controlfield tag="001">1/26803</controlfield>
  <controlfield tag="008">050623s2005    lu a         n00010 eng  </controlfield>
  <datafield tag="020" ind1=" " ind2=" ">
   <subfield code="a">9289479094</subfield>
  </datafield>
  <datafield tag="035" ind1=" " ind2=" ">
   <subfield code="l">28655</subfield>
  </datafield>
  <datafield tag="082" ind1="0" ind2="0">
   <subfield code="a">KET 338.642 NEW</subfield>
  </datafield>
  <datafield tag="245" ind1="0" ind2="4">
   <subfield code="a">The new SME definition:</subfield>
   <subfield code="b">user guide and model declaration/</subfield>
   <subfield code="c">European Commission. Enterprise and Industry Directorate-General</subfield>
  </datafield>
  <datafield tag="260" ind1="1" ind2="0">
   <subfield code="a">Luxembourg:</subfield>
   <subfield code="b">Office for Official Publications of the European Community,</subfield>
   <subfield code="c">[2005]</subfield>
  </datafield>
  <datafield tag="300" ind1=" " ind2=" ">
   <subfield code="a">50 σ.:</subfield>
   <subfield code="b">έγχρ. εικ.;</subfield>
   <subfield code="c">26 εκ.</subfield>
  </datafield>
  <datafield tag="650" ind1=" " ind2="4">
   <subfield code="a">Small business</subfield>
   <subfield code="z">European Union countries.</subfield>
  </datafield>
  <datafield tag="650" ind1=" " ind2="4">
   <subfield code="a">Entrepreneurship</subfield>
   <subfield code="z">Europe.</subfield>
  </datafield>
  <datafield tag="710" ind1="2" ind2=" ">
   <subfield code="a">European Commission.</subfield>
  </datafield>
  <datafield tag="852" ind1=" " ind2=" ">
   <subfield code="a">INST</subfield>
   <subfield code="b">UNIPILB</subfield>
   <subfield code="c">KET</subfield>
   <subfield code="e">20050623</subfield>
   <subfield code="h">KET 338.642 NEW</subfield>
   <subfield code="p">00148515</subfield>
   <subfield code="q">00148515</subfield>
   <subfield code="t">LOAN</subfield>
   <subfield code="y">0</subfield>
   <subfield code="4">1</subfield>
  </datafield>
 </record>
</collection>
